[Event "ICS rated blitz match"]
[Site "204.178.125.65"]
[Date "1999.11.10"]
[Round "?"]
[White "Hossa"]
[Black "ljb"]
[Result "0-1"]
[WhiteElo "2418"]
[BlackElo "2286"]
[Annotator "Hiarcs 7.32 (22s)"]
[PlyCount "110"]
[EventDate "1999.??.??"]

1. e4 1... e6 {Opening = C14 - 5.e5 Nfd7 6.Be7 Qe7} 2. d4 d5 3. Nc3 Nf6 4. Bg5
Be7 5. e5 Nfd7 6. Bxe7 Qxe7 7. f4 a6 8. Be2 $146 (8. Qg4 g6 (8... O-O 9. Bd3 c5
10. f5 cxd4 11. f6 Nxf6 12. Qh4 h6 13. exf6 Qxf6 14. Qxf6 gxf6 15. Na4 Nd7 16.
b3 b5 17. Nb2 e5 18. Ne2 Nc5 19. O-O Nxd3 20. Nxd3 Kg7 21. Ng3 Kg6 22. Rf2 Rb8
23. Raf1 {Hjartarson,J-Bricard,E/Reykjavik FRA-ISD 1993/[Hjartarson]/1-0 (35)})
(8... f5 9. exf6 Nxf6 10. Qg5 O-O 11. Nf3 c5 12. O-O-O c4 13. g3 b5 14. Bh3 Bd7
15. Rhe1 b4 16. Na4 b3 17. axb3 cxb3 18. Nc5 bxc2 19. Rd2 Kh8 20. Bxe6 Bxe6 21.
Rxe6 Qc7 22. Ne5 Ra7 23. Qh4 Kg8 24. Ng4 Nxg4 25. Qxg4 Nc6 26. Qf3 Nb4 27. Re5
Qa5 28. Qa3 Qb5 29. Re1 Re7 30. Rg1 Rfe8 31. Nd3 31... Qxd3 {
0-1 Lurie,M-Kobylkin,E/Menorca 1996 (31)}) 9. O-O-O c5 10. dxc5 Nc6 11. Nf3
Nxc5 12. h4 h5 13. Qg5 Bd7 14. Nd4 Qxg5 15. hxg5 Ke7 16. Be2 Nxd4 17. Rxd4 Bc6
18. Bf3 a5 19. Nd1 Rac8 20. Ne3 Bb5 21. Kb1 Ba6 22. Rhd1 Kf8 23. b3 Kg7 24. Kb2
Rc7 25. R1d2 b5 26. a3 Rhc8 27. g4 hxg4 28. Nxg4 Rh8 29. Nf6 Rcc8 30. Be2 Rh2
31. Bf1 Rxd2 32. Rxd2 Rh8 33. Rf2 Rh1 34. Ne8+ Kf8 35. Nc7 Ke7 36. Rf3 {
1-0 Kaspret,G-Stoppel,F/AUT BL 1990/TD 90\04 (36)}) (8. Qd2 b6 9. Nd1 c5 10. c3
Nc6 11. Nf3 f6 12. Bd3 Bb7 13. O-O O-O-O 14. Qe2 fxe5 15. fxe5 c4 16. Bc2 g5
17. Ne3 h5 18. Qe1 Rdf8 19. Qg3 Rhg8 20. Rf2 h4 21. Qh3 Rf4 22. Ng4 Rgf8 23.
Raf1 Nd8 24. Nd2 Rxf2 25. Rxf2 Rxf2 26. Nxf2 b5 27. a3 a5 28. Bg6 Nf8 29. Bh5
Qh7 30. Qf3 Qc2 31. Nf1 Nd7 32. Qe2 Qb1 33. Nh3 Nb6 34. Nxg5 Bc6 35. Qf2 Na4
36. Qf8 Qf5 37. Nf7 Qxh5 38. Qxd8+ Kb7 39. Nd6+ Ka6 40. Qc7 Ba8 41. Qc8+ Ka7
42. Nxb5+ 42... Kb6 {Rodriguez,R-Ulibin,M/Ibercaja op 1994/TD 94\02/1-0 (61)})
8... c5 9. dxc5 Nxc5 10. Nf3 Nc6 11. O-O O-O 12. Qd2 12... g6 $14 (12... b5 13.
Nd4 $11) 13. Rad1 b5 14. Nd4 {Der Springer ist wirkungsvoll plaziert} 14...
Nxd4 15. Qxd4 Bb7 16. a4 bxa4 17. Qb4 $11 (17. Nxa4 Nxa4 18. Qxa4 Qc5+ 19. Rd4
19... Rab8 $14) 17... Qc7 $14 (17... Bc6 18. Rd4 $11) 18. Bg4 $15 (18. Nxa4 $5
$142 {ist eine gute Alternative} 18... Nxa4 19. Qxa4 $11) 18... a5 19. Qd4 $17
(19. Qa3 $5 $15 $142 {sieht spielbar aus}) 19... Ba6 20. Rfe1 $19 (20. Rf2 Rab8
21. Ra1 21... Rb4 $19) 20... Rab8 21. Na2 (21. Nxa4 Nxa4 22. Qxa4 22... Rxb2
$19) 21... Bc4 22. Nc1 22... Ne4 $17 (22... Rb4 $19 $142 {
mit klarem Vorteil fuer Schwarz}) 23. Nd3 Bxd3 24. cxd3 Nc5 25. g3 Qb6 26. Qe3
Nb3 27. d4 $19 (27. Qxb6 Rxb6 28. Re2 28... Rfb8 $17) 27... Rfc8 28. Rd3 Rc4
29. Red1 Rbc8 30. Bf3 (30. Kh1 Rc2 31. Rb1 Rc1+ 32. Rxc1 Rxc1+ 33. Bd1 33...
Rb1 $19) 30... Rc1 $17 (30... Rc2 $5 31. f5 $19) 31. Bg4 $2 $19 (31. f5 $5 $17
$142) 31... Rxd1+ $17 (31... R8c2 $5 $19 $142) 32. Bxd1 Rc1 33. h4 $2 $19 (33.
Kg2 $142 33... Rc4 34. Bxb3 axb3 35. Rd2 $19) 33... Rb1 34. h5 Kg7 (34... Rxb2
$5 {damit wuerde Schwarz es sich noch erleichtern} 35. h6 $19) 35. hxg6 (35.
h6+ 35... Kf8 $19) 35... hxg6 36. f5 (36. Qf2 Qb5 37. Qe3 37... Qc4 $19) 36...
exf5 37. Qf2 Rc1 (37... Qc7 $5 $142 {ginge schneller} 38. g4 Qc1 39. Qe1 $19)
38. Qe3 (38. g4 fxg4 39. Kg2 39... f5 $19) 38... Rc4 (38... Qc6 $5 {ist genauer
} 39. Kf2 $19) 39. Bxb3 (39. Kf2 Nxd4 40. b3 axb3 41. Bxb3 Rb4 42. Bxd5 42...
Qc5 $19) 39... axb3 40. Kh2 (40. Rxb3 {lenkt den Gegner vielleicht noch ab}
40... Qxd4 41. Qxd4 Rxd4 42. Rb5 $19) 40... a4 41. Kh3 (41. g4 {
aendert nichts am Ausgang der Partie} 41... Rc2+ 42. Kg3 42... Rxb2 $19) 41...
Rc2 42. Qg5 (42. g4 {hilft auch nicht mehr} 42... Rxb2 43. Rd1 fxg4+ 44. Kg3
Rc2 45. Kxg4 45... Qa6 $19) 42... Rxb2 43. Qe7 (43. Rd1 {
ist noch eine duenne Chance} 43... Rc2 44. e6 $19) 43... Rc2 44. Rd1 44... b2
$1 {kraeftig gespielt} 45. e6 {Es droht Matt} 45... Qxe6 $1 {
zwingend und schoen} 46. Qxe6 fxe6 47. Re1 a3 48. g4 48... a2 {Droht Matt} 49.
gxf5 (49. Kg3 {kann das Vorangegangene nicht ungeschehen machen} 49... b1=Q 50.
Rg1 Qxg1+ 51. Kf4 Qxd4+ 52. Kf3 Qf2#) 49... exf5 (49... a1=Q 50. Rxa1 bxa1=Q
51. f6+ Kxf6 52. Kg4 Qb2 53. Kh4 g5+ 54. Kg4 Rg2+ 55. Kh3 g4+ 56. Kh4 Qf2+ 57.
Kh5 Qf5+ 58. Kh4 Qg5#) 50. Re7+ Kf6 51. Re8 (51. Rc7 {
waere gleichermassen fruchtlos} 51... Rxc7 52. Kg3 b1=Q 53. Kf3 Qd3+ 54. Kg2
Rc2+ 55. Kg1 a1=Q#) 51... b1=Q (51... a1=Q 52. Re2 Rxe2 53. Kg3 Qg1+ 54. Kf3
Qg4#) 52. Re6+ Kxe6 53. Kg3 Qf1 54. Kh4 Rg2 55. Kh3 Qh1# 0-1

[Event "ICS rated blitz match"]
[Site "204.178.125.65"]
[Date "1999.11.10"]
[Round "?"]
[White "PostModernist"]
[Black "Hossa"]
[Result "1-0"]
[WhiteElo "2513"]
[BlackElo "2396"]
[PlyCount "139"]
[EventDate "1999.??.??"]

1. d4 Nf6 2. c4 e6 3. Nc3 Bb4 4. Qb3 Nc6 5. e3 d5 6. Nf3 O-O 7. Be2 dxc4 8.
Bxc4 Bd6 9. Nb5 Na5 10. Qc3 Nxc4 11. Qxc4 Bd7 12. O-O a6 13. Nxd6 cxd6 14. Qb3
Bc6 15. Qd1 Rc8 16. Bd2 Qe7 17. Bc3 Nd5 18. Bd2 e5 19. e4 Nf6 20. d5 Bd7 21.
Bg5 Bg4 22. Qd3 Rc5 23. Rfc1 Rfc8 24. Rxc5 Rxc5 25. Nd2 Qc7 26. Nb3 Rc2 27.
Bxf6 gxf6 28. Qg3 Qd7 29. h3 f5 30. exf5 Qxf5 31. Qxg4+ Qxg4 32. hxg4 Rxb2 33.
f3 b5 34. Na5 Rd2 35. Nc6 Kg7 36. Nb8 a5 37. Nc6 Rxd5 38. Nxa5 Kg6 39. Nb7 h5
40. gxh5+ Kxh5 41. a4 bxa4 42. Rxa4 Rd1+ 43. Kf2 d5 44. g4+ Kh4 45. Nd6 f6 46.
Nf5+ Kg5 47. Ne3 Rd2+ 48. Ke1 Rd4 49. Rxd4 exd4 50. Nxd5 f5 51. f4+ Kxg4 52.
Ke2 Kg3 53. Kd3 Kh4 54. Kxd4 Kh5 55. Ne3 Kg6 56. Ke5 Kh6 57. Nxf5+ Kg6 58. Nd6
Kh5 59. f5 Kh6 60. f6 Kg6 61. f7 Kg7 62. Ke6 Kf8 63. Nc4 Kg7 64. Ne5 Kf8 65.
Nd7+ Kg7 66. f8=Q+ Kh7 67. Nf6+ Kg6 68. Qg8+ Kh6 69. Ne4 Kh5 70. Qg5# {
Hossa checkmated} 1-0

[Event "ICS rated blitz match"]
[Site "204.178.125.65"]
[Date "1999.11.10"]
[Round "?"]
[White "Hossa"]
[Black "Uncle-Sam"]
[Result "1-0"]
[WhiteElo "2385"]
[BlackElo "2122"]
[PlyCount "55"]
[EventDate "1999.??.??"]

1. d4 d5 2. c4 e6 3. Nc3 Be7 4. Nf3 Nf6 5. Bg5 O-O 6. e3 Nbd7 7. Bd3 h6 8. Bh4
b6 9. Ne5 Nxe5 10. dxe5 Nd7 11. Bxe7 Qxe7 12. cxd5 Nxe5 13. Be4 Rb8 14. O-O
exd5 15. Nxd5 Qh4 16. Qa4 f5 17. Qxa7 fxe4 18. Qxb8 Ng4 19. Qxc7 Be6 20. Ne7+
Kh7 21. h3 Nxf2 22. Qc2 Nxh3+ 23. gxh3 Rxf1+ 24. Rxf1 Qxe7 25. Qxe4+ Kg8 26. h4
Qd7 27. a3 Bd5 28. Rd1 {Uncle-Sam resigns} 1-0

[Event "ICS Rated blitz match"]
[Site "204.178.125.65"]
[Date "1999.11.11"]
[Round "?"]
[White "JudgeTurpin"]
[Black "Hossa"]
[Result "1-0"]
[WhiteElo "2545"]
[BlackElo "2386"]
[PlyCount "195"]
[EventDate "1999.??.??"]

1. d4 Nf6 2. c4 g6 3. Nc3 Bg7 4. e4 d6 5. Be2 O-O 6. Nf3 e5 7. O-O Bg4 8. d5
Nbd7 9. Be3 Qe7 10. h3 Bxf3 11. Bxf3 c6 12. dxc6 bxc6 13. Qa4 Rfc8 14. Rfd1 a6
15. Rd2 Qe6 16. Rad1 Bf8 17. Be2 a5 18. Qc2 Rab8 19. b3 Rc7 20. Na4 Rb4 21. Bg5
Rcb7 22. Bf3 Rb8 23. Rd3 Ra8 24. Be3 Ra6 25. Bd2 Rb7 26. Bc3 Ra8 27. Qd2 Rba7
28. Qe3 Rb7 29. Qe1 Rba7 30. Qe2 Rd8 31. c5 dxc5 32. Qe3 Rb8 33. Be2 Rb4 34.
Bxb4 axb4 35. R3d2 Qe7 36. Bc4 Ra8 37. Rd3 Qe8 38. f3 Qe7 39. Qg5 Ra7 40. R3d2
Bg7 41. Kf1 Bf8 42. Qh4 Qe8 43. Kf2 Be7 44. Qh6 Bf8 45. Qg5 Be7 46. Qe3 Bf8 47.
Rd3 Nh5 48. Qd2 Nhf6 49. h4 h6 50. a3 Qd8 51. Qa2 Nh5 52. g3 Qe7 53. Qd2 Nhf6
54. Qa2 Nh5 55. R3d2 Qe8 56. Kg2 Qe7 57. Qa1 Rc7 58. Nb2 Ra7 59. a4 Nb6 60. Bd3
Rd7 61. a5 Nc8 62. Bc4 Rxd2+ 63. Rxd2 Qc7 64. Nd3 Bd6 65. Ra2 Nf6 66. Qc1 Bf8
67. Qb2 Nd7 68. h5 g5 69. a6 Bd6 70. Ra1 Ndb6 71. Qc1 Qd7 72. Nf2 Bf8 73. Ng4
Bg7 74. Be2 Qd4 75. Ra5 Bf8 76. a7 Na8 77. Ba6 Ncb6 78. Bb7 Qd6 79. Qb2 f6 80.
Bxa8 Nxa8 81. Qc2 Kh8 82. Ra6 Kg8 83. Qe2 Kh8 84. Ra1 Bg7 85. Qc4 Qd4 86. Qxd4
cxd4 87. Rc1 c5 88. Rxc5 Kh7 89. Rc8 Nb6 90. Rb8 Na8 91. Rxa8 f5 92. exf5 e4
93. fxe4 d3 94. Rd8 d2 95. Rd7 d1=Q 96. Nf6+ Kh8 97. a8=Q+ Bf8 98. Qxf8# {
Hossa checkmated} 1-0

[Event "ICS Rated standard match"]
[Site "204.178.125.65"]
[Date "1999.11.11"]
[Round "?"]
[White "Hossa"]
[Black "robbok1"]
[Result "0-1"]
[WhiteElo "2355"]
[BlackElo "2469"]
[PlyCount "129"]
[EventDate "1999.??.??"]

1. d4 Nf6 2. c4 c5 3. d5 b5 4. cxb5 a6 5. bxa6 Bxa6 6. Nc3 d6 7. Nf3 g6 8. Bg5
Bg7 9. e4 Bxf1 10. Rxf1 Nbd7 11. Nd2 h6 12. Bxf6 Bxf6 13. Nc4 Qb8 14. Qd3 Nb6
15. Nxb6 Qxb6 16. Qc2 O-O 17. Ke2 Rfb8 18. Rfb1 c4 19. Kf1 Bg7 20. Kg1 Rb7 21.
Nd1 Rc8 22. Qd2 e6 23. Rc1 exd5 24. Qxd5 Bxb2 25. Nxb2 Qxb2 26. Qxd6 c3 27. Qd3
c2 28. h4 Rb4 29. h5 Rd4 30. Qe2 Rcc4 31. hxg6 fxg6 32. Qg4 Kg7 33. Kf1 h5 34.
Qe6 Rxe4 35. Qd7+ Kf8 36. Qd2 Qf6 37. a4 Rh4 38. Kg1 Rhd4 39. Qe3 Re4 40. Qd2
Red4 41. Qe3 Qd6 42. Qe2 Re4 43. Qf3+ Rf4 44. Qe2 Rh4 45. g3 Qd5 46. f3 Qg5 47.
Qg2 Qe3+ 48. Kf1 Qd3+ 49. Kf2 Rhd4 50. Kg1 Qc3 51. Qe2 Rd2 52. Qe1 Rcd4 53.
Rab1 cxb1=Q 54. Rxb1 Qxf3 55. Rb8+ Rd8 56. Rxd8+ Rxd8 57. Qb4+ Kg8 58. Kh2 Rd1
59. Qb8+ Kf7 60. Qf4+ Qxf4 61. gxf4 Rd4 62. a5 Rxf4 63. Kg3 Ra4 64. Kf3 g5 65.
Ke3 {Hossa resigns} 0-1

[Event "ICS rated blitz match"]
[Site "204.178.125.65"]
[Date "1999.11.11"]
[Round "?"]
[White "Hossa"]
[Black "MissSilicon"]
[Result "0-1"]
[WhiteElo "2377"]
[BlackElo "2773"]
[PlyCount "179"]
[EventDate "1999.??.??"]

1. e4 e5 2. d4 exd4 3. Qxd4 Nc6 4. Qa4 Nf6 5. Bb5 Bb4+ 6. Bd2 Qe7 7. Bxc6 Bxd2+
8. Nxd2 dxc6 9. O-O-O O-O 10. Ngf3 Rd8 11. Rhf1 Be6 12. e5 Nd5 13. Ne4 b5 14.
Qa5 Bg4 15. Neg5 h6 16. Rd4 Bh5 17. Rh4 g6 18. Rxh5 gxh5 19. Ne4 h4 20. Qd2 Kg7
21. Kb1 f5 22. Nc3 Qb4 23. Qd3 Nxc3+ 24. Qxc3 Qxc3 25. bxc3 Rd5 26. Re1 Re8 27.
Kb2 h3 28. gxh3 Rc5 29. Rd1 Kg6 30. Rd7 Rc8 31. Nd4 f4 32. e6 Kf6 33. Rf7+ Ke5
34. Rh7 a6 35. Rxh6 Kd6 36. Rh7 Rd8 37. Rf7 Re5 38. e7 Re8 39. Rxf4 R5xe7 40.
Rf6+ Kd7 41. Rxc6 Ra8 42. Rh6 Rf7 43. f3 c5 44. Ne6 Rc8 45. Ng5 Rf5 46. h4 Rc6
47. Rh7+ Ke8 48. c4 bxc4 49. Kc3 Rf4 50. Rh8+ Ke7 51. h3 Rg6 52. a3 Kd7 53. Kd2
a5 54. Ke3 Rgf6 55. h5 R6f5 56. Rd8+ Ke7 57. Ra8 Rh4 58. Ra7+ Kd6 59. Ra6+ Kd7
60. f4 Rfxf4 61. h6 Rf5 62. Rg6 Re5+ 63. Kf2 Rf4+ 64. Kg3 Rf8 65. h7 Re3+ 66.
Kg4 Rh8 67. Ra6 Kc7 68. a4 Re2 69. c3 Rb2 70. Rxa5 Kb6 71. Rb5+ Rxb5 72. axb5
Kxb5 73. Kh5 Ka4 74. h4 Kb3 75. Kg6 Kxc3 76. Kg7 Rxh7+ 77. Kxh7 Kd3 78. Ne6 c3
79. Nf4+ Kd2 80. Ne6 c2 81. Nxc5 Kc3 82. Ne4+ Kd3 83. Nc5+ Kc4 84. Ne6 c1=Q 85.
h5 Qb1+ 86. Kh8 Kd5 87. Ng7 Ke5 88. Kg8 Qb3+ 89. Kf8 Qb4+ 90. Kf7 {
Hossa resigns} 0-1

[Event "ICS unrated blitz match"]
[Site "204.178.125.65"]
[Date "1999.11.11"]
[Round "?"]
[White "Moron"]
[Black "Hossa"]
[Result "1-0"]
[WhiteElo "2750"]
[BlackElo "2374"]
[PlyCount "77"]
[EventDate "1999.??.??"]

1. d4 Nf6 2. c4 c5 3. d5 b5 4. cxb5 a6 5. Nc3 axb5 6. e4 Qa5 7. e5 Ne4 8. Bd2
Nxd2 9. Qxd2 Ba6 10. Ne4 Qxd2+ 11. Kxd2 c4 12. b3 e6 13. bxc4 bxc4 14. d6 Bb7
15. Nc3 f6 16. f4 fxe5 17. fxe5 Kf7 18. Nh3 Nc6 19. Rb1 Ba6 20. Ng5+ Kg6 21.
Nf3 Kf5 22. Re1 Rg8 23. Nh4+ Kg5 24. Re4 Na5 25. Nf3+ Kf5 26. Be2 Rb8 27. Rf1
Kg6 28. Rg4+ Kh5 29. Rg3 Rb2+ 30. Kc1 Rxe2 31. Nxe2 Kh6 32. Ng5 g6 33. Nf4 Be7
34. dxe7 Nb3+ 35. Kd1 Re8 36. Ngxe6 dxe6 37. Nxe6 g5 38. Rh3+ Kg6 39. Rf6# {
Hossa checkmated} 1-0

[Event "ICS Rated blitz match"]
[Site "204.178.125.65"]
[Date "1999.11.11"]
[Round "?"]
[White "Hossa"]
[Black "PostModernist"]
[Result "1-0"]
[WhiteElo "2374"]
[BlackElo "2557"]
[PlyCount "239"]
[EventDate "1999.??.??"]

1. e4 c5 2. Nf3 d6 3. d4 Nf6 4. dxc5 Qa5+ 5. Bd2 Qxc5 6. Bd3 e6 7. O-O Be7 8.
Be3 Qh5 9. Nbd2 O-O 10. Nd4 Qxd1 11. Rfxd1 Ng4 12. Bf4 e5 13. Nb5 Na6 14. Bg3
Rd8 15. Nc4 Be6 16. Be2 Bxc4 17. Bxc4 Rd7 18. Rac1 Nc5 19. Bd5 Nf6 20. Nc3 Nh5
21. Ra1 Rc7 22. Nb5 Rd7 23. b4 Na4 24. Bxe5 dxe5 25. Bxf7+ Kxf7 26. Rxd7 a6 27.
Nc7 Rd8 28. Rxd8 Bxd8 29. Rd1 Be7 30. Nd5 Nf6 31. Nxf6 Kxf6 32. Rd7 Bxb4 33.
Rxb7 a5 34. Rc7 h5 35. Rc6+ Kf7 36. Kf1 g6 37. g3 Kg7 38. f4 exf4 39. gxf4 Bd2
40. f5 gxf5 41. exf5 Nc3 42. a3 Nb1 43. a4 Nc3 44. Rd6 Bf4 45. Rg6+ Kf7 46. Rc6
Be5 47. h4 Nd5 48. Rc5 Ne3+ 49. Ke2 Ng4 50. Rxa5 Kf6 51. Kf3 Kxf5 52. c4 Kg6
53. c5 Bf6 54. Ra6 Kf5 55. Kg3 Ke4 56. c6 Be5+ 57. Kg2 Ne3+ 58. Kh1 Nd5 59. Ra5
Bc7 60. Ra8 Ke5 61. Rh8 Nf4 62. Kh2 Kd5 63. Rh6 Bd6 64. Kg3 Nd3+ 65. Kf3 Nc5
66. c7 Bxc7 67. Rxh5+ Kd6 68. Rf5 Nxa4 69. h5 Ke6 70. Kg4 Nb6 71. h6 Nd7 72. h7
Be5 73. Kg5 Bb2 74. Rf2 Bh8 75. Kg6 Ne5+ 76. Kh5 Ke7 77. Rg2 Nf7 78. Rg1 Nd6
79. Rg8 Nf7 80. Rg2 Ke6 81. Re2+ Kd5 82. Re7 Nd6 83. Rd7 Ke6 84. Rd8 Nf7 85.
Re8+ Kf6 86. Ra8 Kg7 87. Ra7 Kf6 88. Rc7 Kg7 89. Rb7 Kf6 90. Ra7 Ne5 91. Ra5
Bg7 92. Ra8 Nf7 93. Ra6+ Kf5 94. Ra7 Kf6 95. Ra3 Nh8 96. Rg3 Kf7 97. Re3 Bd4
98. Rd3 Bb6 99. Kh6 Kf8 100. Rd7 Ba5 101. Kg5 Ke8 102. Rb7 Bd8+ 103. Kf5 Kf8
104. Rd7 Be7 105. Ke6 Bh4 106. Rd4 Bg5 107. Rg4 Kg7 108. Rxg5+ Kxh7 109. Kf6
Kh6 110. Rg2 Kh5 111. Kg7 Kh4 112. Kxh8 Kh3 113. Rg6 Kh2 114. Kg7 Kh3 115. Kf6
Kh2 116. Ke5 Kh3 117. Kf4 Kh2 118. Kf3 Kh1 119. Kf2 Kh2 120. Rh6# {
PostModernist checkmated} 1-0

[Event "ICS rated blitz match"]
[Site "204.178.125.65"]
[Date "1999.11.11"]
[Round "?"]
[White "PostModernist"]
[Black "Hossa"]
[Result "1/2-1/2"]
[WhiteElo "2533"]
[BlackElo "2398"]
[Annotator "Hiarcs 7.32 (22s)"]
[PlyCount "153"]
[EventDate "1999.??.??"]

1. d4 1... Nf6 {Opening = D38 - 4.Nf3 Bb4(5.Bg5 ---)} 2. c4 e6 3. Nf3 d5 4.
cxd5 exd5 5. Nc3 Bb4 6. Bg5 Nbd7 7. e3 c5 8. Qc2 (8. Be2 Bxc3+ 9. bxc3 Qa5 10.
O-O c4 11. Nd2 Qxc3 12. e4 Nxe4 13. Nxe4 dxe4 14. Rc1 Qa5 15. Bd2 Qf5 16. Rxc4
O-O 17. Qc2 Qg6 18. Rc1 h6 19. Rc3 Nf6 20. Rg3 Qh7 21. Qc7 Be6 22. Qxb7 22...
Rab8 {Ikonnikov,V-Palac,M/Werfen op 1991/TD 91\08/1/2-1/2 (35)}) 8... cxd4 $16
(8... Qa5 $5 $11 {kommt in Betracht} 9. Nd2 cxd4 10. exd4 O-O 11. Be2 Re8 12.
Be3 Nf8 13. h3 Bd7 14. O-O Rac8 15. Qb3 Bxc3 16. bxc3 Rxc3 17. Qxb7 Rcxe3 18.
fxe3 Qxd2 19. Bf3 Qxe3+ 20. Kh1 Qxd4 21. Rfd1 Qc4 22. Bxd5 Nxd5 23. Qxd5 Qxd5
24. Rxd5 Bc6 25. Rc5 Be4 26. Ra5 Re7 27. Re1 27... Bxg2+ {
0-1 Janevska,A-Maznitsina,O/WchJW-U18 Szeged 1994/TD 94\01 (27)}) (8... O-O 9.
Bd3 Qa5 10. O-O Bxc3 11. Qxc3 Qxc3 12. bxc3 Ne4 13. Bxe4 dxe4 14. Nd2 Re8 15.
a4 b6 16. Rfc1 Ba6 17. c4 h6 18. Bf4 g5 19. Bg3 f5 20. d5 Rac8 21. Rcb1 Rf8 22.
a5 f4 23. axb6 fxg3 24. hxg3 Bxc4 25. b7 Rb8 26. Nxc4 {
1-0 Ikonnikov,V-Rosandic,D/Cannes op 1995/EXP 46 (26)}) 9. Nxd4 O-O 10. Bd3 $14
(10. Be2 Bxc3+ 11. bxc3 11... Nc5 $14) 10... h6 11. Bxf6 Nxf6 12. Rc1 Bg4 13.
O-O Rc8 14. Qb3 {Ist der Isolani d5 schwach?} 14... Bxc3 15. Rxc3 Rxc3 16. Qxc3
Re8 17. Rc1 Qb6 18. b3 Kh8 19. h3 Rc8 20. Qd2 Bd7 21. Rxc8+ Bxc8 22. Kf1 Kg8
23. Ke2 Qd6 24. Qc3 Bd7 25. Qa5 Qb8 26. Qc5 b6 27. Qe7 Qc8 28. a4 h5 29. Kf3
Qe8 30. Qd6 Qd8 31. Bf5 31... Qe8 $18 (31... Qf8 32. Bh7+ Nxh7 33. Qxd7 $16)
32. Bc2 $16 (32. Bxd7 Qxd7 33. Qxd7 33... Nxd7 $16) 32... Qd8 33. Kg3 Qc8 34.
Bd3 Be8 (34... Ne4+ 35. Bxe4 dxe4 36. Kf4 $16) 35. Kf3 Bd7 36. Bc2 Qd8 37. Qf4
Ne8 38. Bf5 Bxf5 39. Qxf5 Qf6 40. b4 40... a6 {Verwehrt dem Gegner b5} 41. g3
Kf8 42. h4 Qxf5+ 43. Nxf5 g6 44. Nd4 Nd6 45. Kf4 Nc4 46. Nc6 a5 47. bxa5 bxa5
48. e4 dxe4 49. Kxe4 Kg7 50. Kd4 Nb2 51. Nxa5 Nxa4 52. f3 Nb2 53. Nb7 Nd1 54.
Nc5 Kf6 55. g4 hxg4 56. fxg4 Nf2 57. Ne4+ {Ermoeglicht auch g5} 57... Nxe4 58.
Kxe4 Ke7 59. Kd5 {Weiss aktiviert den Koenig} 59... f5 60. g5 f4 61. Ke4 f3 62.
Kxf3 62... Ke6 $16 (62... Kf7 $11 $142 {ist noch spielbar}) 63. Kg4 {
Es droht Matt} 63... Kf7 64. h5 $11 (64. Kf4 $16 $142) 64... gxh5+ 65. Kxh5 {
g5 setzt sich schnell in Bewegung. Aktiver Koenig im Endspiel. Mit der
MattdrohungKh6} 65... Kg7 66. g6 Kg8 67. Kh4 Kg7 68. Kg5 {
Der weisse Koenig wird gefaehrlich} 68... Kg8 69. Kh5 Kg7 70. Kg5 Kg8 71. Kg4
Kg7 72. Kf5 {Weiss aktiviert den Koenig} 72... Kg8 73. Kf6 {Droht Matt} 73...
Kf8 74. Ke5 {Droht Matt: Kf6} 74... Kg7 75. Kf5 Kg8 76. Ke4 Kg7 77. Kf5 1/2-1/2

[Event "ICS rated blitz match"]
[Site "204.178.125.65"]
[Date "1999.11.11"]
[Round "?"]
[White "Amateur"]
[Black "Hossa"]
[Result "1/2-1/2"]
[WhiteElo "2390"]
[BlackElo "2426"]
[Annotator "Hiarcs 7.32 (22s)"]
[PlyCount "113"]
[EventDate "1999.??.??"]

1. e4 1... e5 {Opening = C82 - 9.c3 ---} 2. Nf3 Nc6 3. Bb5 a6 4. Ba4 Nf6 5. O-O
Nxe4 6. d4 b5 7. Bb3 d5 8. dxe5 Be6 9. c3 Bc5 10. a4 b4 11. cxb4 $146 (11. Nd4
Nxe5 12. cxb4 Bxd4 13. Qxd4 Qf6 14. Be3 Nc6 15. Qxf6 Nxf6 16. Rc1 Nxb4 17. Rxc7
O-O 18. Nd2 Nd3 19. Bd4 Rfc8 20. Rc3 Nf4 21. Re1 Rxc3 22. Bxc3 Rd8 23. Nf3 Ne4
24. Bd4 Rc8 25. a5 Nd3 26. Rd1 Nc1 27. Ba4 Ne2+ 28. Kf1 Nxd4 29. Nxd4 Rb8 30.
Bc2 Rxb2 31. Bxe4 {1/2-1/2 Castro,O-Wedberg,T/Manila olm 1992/TD 92\02 (31)}) (
11. a5 O-O 12. Ba4 (12. Qd3 Rb8 13. c4 Ne7 14. Nbd2 Nxd2 15. Bxd2 Bf5 16. Qe2
d4 17. Bg5 d3 18. Qd2 h6 19. Be3 Bxe3 20. Qxe3 Bh7 21. Rfd1 Qd7 22. c5 Qg4 23.
h3 Qh5 24. Bc4 c6 25. Bxd3 Rbd8 26. Bxa6 26... Nd5 {
Tumurhuyag,N-Munhbayar,L/MGL-ch Erdenet 1994/TD 94\03/1-0 (51)}) 12... Ne7 13.
Nd4 Rb8 14. Be3 Nf5 15. Qf3 Bxd4 16. cxd4 f6 17. Nd2 Nxd2 18. Bxd2 Nxd4 19. Qe3
fxe5 20. Qxe5 Qf6 21. Qxc7 Rbc8 22. Qd6 Rcd8 23. Qxa6 Qg6 24. Kh1 Kh8 25. Bxb4
Nf3 26. Bxf8 Nh4 27. Rg1 Rxf8 28. Rae1 {
1-0 Polgar,J-Piket,J/Monaco Amber blind 1994/EXP 40 (28)}) 11... Bxb4 12. Qc2
Ne7 13. Nc3 Nc5 14. Bg5 Nxb3 15. Qxb3 Rb8 16. Na2 16... Ba5 $16 (16... c5 $11
$142 {damit waere Schwarz im Spiel geblieben}) 17. Qc2 $14 (17. Bxe7 $5 $142
17... Kxe7 18. Qc2 $16) 17... Bf5 18. Qe2 c5 19. Bxe7 {
Weiss verhindert die kurze Rochade} 19... Kxe7 20. Rac1 20... c4 {
Schwarz gewinnt Raum} 21. Nd4 Qd7 22. Nxf5+ $11 (22. Rfd1 22... Be4 $14) 22...
Qxf5 23. Qe3 Rhc8 24. Rcd1 Ke6 25. Nc3 Bb6 26. Qd2 {
Steigert den Druck auf den Bauern d5} 26... d4 27. Rfe1 27... Qg4 $16 (27...
Kd7 $5 $11 {steht zur Diskussion}) 28. Ne4 Rc7 (28... Rc6 $5 $16) 29. a5 $14 (
29. Qb4 $5 29... Kd7 30. a5 $18) 29... Ba7 30. Ng5+ Kf5 31. e6 Qxg5 32. Re5+ $1
{haelt den Vorteil fest} 32... Kxe5 33. Qxg5+ Kxe6 34. Re1+ Kd6 35. Qf4+ Kc6
36. Qe4+ Kd6 37. Qe5+ Kc6 38. Rc1 $11 (38. Qxg7 $5 38... Rxb2 39. Qf6+ Kc5 40.
g3 $16) 38... Rb4 39. Qe8+ Kb7 40. Qe4+ Kb8 41. Rb1 g6 42. Qf4 $15 (42. Qe8+ $5
42... Kb7 43. Qe4+ Kc8 44. Qe8+ Kb7 45. Qe4+ Kc8 46. Qe8+ 46... Kb7 $11) 42...
Bc5 43. Re1 {Droht Matt} 43... Kb7 $11 (43... Rbb7 $5 $15) 44. Qf3+ Ka7 45. Re8
{Es droht Matt} 45... Rb8 46. Rxb8 {Mit der Mattdrohung Ra8} 46... Kxb8 47. Qd5
c3 48. bxc3 dxc3 49. Qd8+ Kb7 50. Qd5+ Ka7 51. Qe5 $17 (51. Qd8 $5 $142 {
kam sehr in Betracht} 51... Rb7 52. Qd3 $11) 51... Kb8 52. Qe8+ Kb7 53. Qe4+
53... Ka7 $11 (53... Rc6 54. Qd5 c2 55. Qxf7+ Kc8 56. Qe8+ Kc7 57. Qf7+ Kd8 58.
Qg8+ Kd7 59. Qxh7+ 59... Be7 $19) 54. Qe5 $15 (54. Kf1 Kb8 55. Qe8+ Kb7 56.
Qe4+ 56... Rc6 $11) 54... Kb8 $11 (54... Rc6 55. Qe2 $17) 55. Qe8+ Kb7 56. Qe4+
56... Ka7 $11 (56... Rc6 57. Qd5 c2 58. Qxf7+ Kc8 59. Qe8+ Kc7 60. Qf7+ Kd8 61.
Qg8+ Kd7 62. Qxh7+ Be7 63. Qh3+ 63... Kc7 $19) 57. Qe5 1/2-1/2